Maximum-entropy and Bayesian methods in inverse problems

Αποθηκεύτηκε σε:
Λεπτομέρειες βιβλιογραφικής εγγραφής
Άλλοι συγγραφείς: Smith, C. Ray, 1933- (Επιμελητής έκδοσης), Grandy, Walter T., 1933- (Επιμελητής έκδοσης)
Μορφή: Βιβλίο
Γλώσσα:English
Δημοσίευση: Dordrecht : D. Reidel, c1985.
Σειρά:Fundamental theories of physics
Θέματα:
Ετικέτες: Προσθήκη ετικέτας
Δεν υπάρχουν, Καταχωρήστε ετικέτα πρώτοι!

MARC

LEADER 00000cam a2200000 i 4500
001 1/57720
008 951130s1985 ne ||| | eng||
020 |a 9027720746 
035 |a 1995  |l 10045785 
040 |a GR-MyUA  |b gre  |e AACR2 
041 0 |a eng 
082 0 |a 519.54  
245 0 0 |a Maximum-entropy and Bayesian methods in inverse problems /   |c Edited by C. Ray Smith and W.T. Grandy, Jr.  
260 |a Dordrecht :   |b D. Reidel,   |c c1985.  
300 |a 492 σ. ;   |c 24 εκ.  
490 1 |a (Fundamental theories of physics) 
500 |a Papers presented at two Workshops held at the University of Wyoming from June 8 to 10, 1981 and from August 9 t0 11, 1982. 
504 |a Περιέχει βιβλιογραφικές αναφορές και ευρετήριο.  
650 0 0 |a Entropy (Information theory)  |x Congresses. 
650 0 0 |a Spectral theory (Mathematics)  |x Congresses. 
650 0 0 |a Inverse problems (Differential equations)  |x Congresses. 
700 1 |a Smith, C. Ray,   |d 1933-  |e edt 
700 1 |a Grandy, Walter T.,   |d 1933-  |e edt 
830 0 |a Fundamental theories of physics 
852 |a INST  |b SAMOS  |e 19951130  |h 519.54 MAX  |p 005300004566  |q 005300004566  |t BK  |y 0